Officium in festo omnium sanctorum ad instar breviarii romani sub Urbano P.P. VIII recogniti.

Detalles Bibliográficos
Formato: Libro
Publicado: Madrid 1803
Materias:
Colección:Banco de datos
Acervo:Biblioteca del Convento de Santa Mónica de la Ciudad de Puebla. Puebla
Tema general:Liturgia
Notas:Regular. Ex libris manuscrito de Isabel Ma. Teresa de Jesús. C5, 21.
LEADER 00676nam a22001810004500
035 |a 50921 
036 |a 689 
245 1 0 |a Officium in festo omnium sanctorum ad instar breviarii romani sub Urbano P.P. VIII recogniti. 
260 |a Madrid  |b imp. Tip. de la Sociedad  |c 1803 
500 |a Regular. Ex libris manuscrito de Isabel Ma. Teresa de Jesús. C5, 21. 
650 1 0 |a Liturgia 
949 |a CRP 
959 |a Ex convento de Santa Mónica. Puebla, Puebla  |b CCC5 
960 |a Convento de Santa Mónica de la ciudad de Puebla  |b DD88 
961 |a Franciscana  |b OF 
942 |c CRP-SM 
943 |g Biblioteca del Convento de Santa Mónica de la Ciudad de Puebla. Puebla 
999 |c 961259  |d 961259